000 00420nam a2200157 i 4500
001 45431
003 ES-MaACL
005 20230906161222.0
007 t|
008 030326s1971 sp ||||1| spa d
100 1 _aColl, Julio.
_939615
245 1 0 _aVariaciones sobre el jazz /
_cJulio Coll.
260 _aMadrid :
_bGuadarrama,
_c[1971]
300 _a232 p., 8 lám. ;
_c18 cm.
852 _aES-MaACL
_jC-44331
_bR.77087
999 _c45431
_d45431